Statistiques concernant Rôles de Louis de Funès au cinéma

Cliquez ici pour prendre le quiz!

Statistiques générales

  • Ce quiz a été pris 809 fois
  • Le résultat moyen est 11 sur 16

Statistiques - réponses

RôleFilm% Correct
Ludovic CruchotLe Gendarme de Saint-Tropez (série de films)
89%
Claude Ratinier, dit "le Glaude"La Soupe aux choux
85%
Don SallusteLa Folie des grandeurs
83%
HarpagonL'Avare
83%
Charles DucheminL'Aile ou la cuisse
82%
Stanislas LefortLa Grande Vadrouille
78%
Paul JuveFantômas (série de film)
76%
Léopold SaroyanLe Corniaud
74%
SeptimeLe Grand restaurant
71%
Hubert Barrère de TartasHibernatus
67%
JambierLa Traversée de Paris
63%
Louis-Philippe FourchaumeLe Petit baigneur
52%
Bertrand BarnierOscar
51%
Guillaume Dubray-LacazeLa Zizanie
43%
Charles BosquierLes Grandes Vacances
37%
Édouard alias Evan EvansL'Homme orchestre
27%

Distribution des résultats

Percentile par nombre de réponses

% des personnes avec chaque résultat

Votre développement - résultats

Vous n’avez pas pris ce quiz